Životné prostredie päťdesiat rokov pomáha životnému prostrediu

Ciele časopisu Životné prostredie: revue pre teóriu a starostlivosť o životné prostredie. Hlavné témy časopisu počas 50-tich rokov vydávania.

Salvato in:
Dettagli Bibliografici
Autore principale: Klinda, Jozef
Natura: Capitolo di libro
Lingua:slovacco
Soggetti:
Tags: Aggiungi Tag
Nessun Tag, puoi essere il primo ad aggiungerne!!

MARC

LEADER 00000naa a2200000 4500
001 0235158
005 20220805074750.2
041 0 |a slo 
044 |a SK 
245 1 0 |a Životné prostredie päťdesiat rokov pomáha životnému prostrediu  |c Jozef Klinda 
520 |a Ciele časopisu Životné prostredie: revue pre teóriu a starostlivosť o životné prostredie. Hlavné témy časopisu počas 50-tich rokov vydávania. 
610 2 0 |a prostredie životné 
610 2 0 |a časopisy 
610 2 0 |a Slovensko 
100 1 |a Klinda, Jozef